[Event "Banff op U2000"]
[Site "Banff CAN"]
[Date "2023.11.11"]
[Round "3.25"]
[White "Nagarajan, Prabhat"]
[Black "Daniluk, Jim"]
[Result "1/2-1/2"]
[WhiteElo "1765"]
[BlackElo "1775"]
[PlyCount "117"]
[EventDate "2023.11.10"]
[EventType "swiss"]
[EventRounds "6"]
[EventCountry "CAN"]

1. d4 Nf6 2. Nf3 c5 3. d5 e6 4. Nc3 d6 5. e4 Be7 6. Be2 O-O 7. O-O Na6 8. Nd2
Nc7 9. dxe6 Nxe6 10. Nd5 Nd4 11. Bd3 Be6 12. c3 Nc6 13. Nc4 Ne5 14. Nce3 Qd7
15. Bc2 b5 16. h3 Rab8 17. a4 b4 18. Nxf6+ Bxf6 19. f4 Nc4 20. f5 Nxe3 21. Bxe3
Bc4 22. cxb4 cxb4 23. Rf3 b3 24. Bd3 d5 25. Bxc4 Bxb2 26. Bxb3 Bxa1 27. Qxa1
Rxb3 28. Bh6 Rb1+ 29. Qxb1 gxh6 30. exd5 Qxd5 31. Qe1 Rd8 32. Qg3+ Kf8 33. Qh4
Qd4+ 34. Qxd4 Rxd4 35. Ra3 a5 36. Kh2 Ke7 37. g4 Kf6 38. Kg3 h5 39. Kh4 hxg4
40. hxg4 h6 41. Ra2 Rd1 42. Rc2 Rh1+ 43. Kg3 Ra1 44. Rc4 Kg5 45. Kh3 Ra3+ 46.
Kg2 h5 47. gxh5 Kxh5 48. Kf2 Kg5 49. Ke2 Kxf5 50. Rc5+ Kg4 51. Rxa5 f5 52. Rb5
Rxa4 53. Rb3 f4 54. Kf2 Ra2+ 55. Kf1 Rc2 56. Ra3 f3 57. Ra8 Rc1+ 58. Kf2 Rc2+
59. Kf1 1/2-1/2

[Event "Banff op U2000"]
[Site "Banff CAN"]
[Date "2023.11.11"]
[Round "3.26"]
[White "Bin Shoeb, Mashad"]
[Black "Szulski, Adam"]
[Result "0-1"]
[WhiteElo "1781"]
[BlackElo "1513"]
[PlyCount "62"]
[EventDate "2023.11.10"]
[EventType "swiss"]
[EventRounds "6"]
[EventCountry "CAN"]

1. e4 c5 2. Nf3 d6 3. d4 cxd4 4. Nxd4 Nf6 5. Nc3 a6 6. Be3 e5 7. Nb3 Ng4 8. Bc1
Be7 9. f3 Nf6 10. Be3 Be6 11. Qd2 b5 12. O-O-O Nbd7 13. g4 h6 14. h4 Nh7 15. g5
h5 16. Bh3 Bxh3 17. Rxh3 g6 18. f4 exf4 19. Bxf4 Ne5 20. Nd5 O-O 21. Nxe7+ Qxe7
22. Qxd6 Qxd6 23. Rxd6 Nc4 24. Rd4 f6 25. Bd6 Rfd8 26. Be7 Rxd4 27. Nxd4 fxg5
28. Bxg5 Re8 29. b3 Rxe4 30. c3 Nd6 31. Re3 Nxg5 0-1

[Event "Banff op U2000"]
[Site "Banff CAN"]
[Date "2023.11.11"]
[Round "3.27"]
[White "Gashgarian, Rob"]
[Black "Henderson, Neve"]
[Result "1-0"]
[WhiteElo "1720"]
[BlackElo "1399"]
[PlyCount "79"]
[EventDate "2023.11.10"]
[EventType "swiss"]
[EventRounds "6"]
[EventCountry "CAN"]

1. d4 d5 2. c4 Nf6 3. cxd5 Nxd5 4. e4 Nb6 5. Nf3 Bg4 6. Be3 N8d7 7. Nbd2 e6 8.
Rc1 Be7 9. Bd3 O-O 10. h3 Bh5 11. O-O Rc8 12. Qb3 c5 13. Be2 cxd4 14. Bxd4 Bf6
15. Be3 Qe7 16. a4 Bxf3 17. Nxf3 Nc5 18. Qb5 Nxe4 19. a5 Rxc1 20. Rxc1 Nc8 21.
Bd3 Ned6 22. Qb4 Qd7 23. Qb3 Rd8 24. Rd1 Qc7 25. Qb4 Be7 26. Rc1 Qd7 27. Ne5
Qe8 28. Qg4 Bf6 29. Qf4 b6 30. b4 Qa4 31. axb6 axb6 32. Ng4 Be7 33. Ne5 Nf5 34.
Bxf5 exf5 35. Qc4 Rd1+ 36. Kh2 Rxc1 37. Qxf7+ Kh8 38. Bxc1 Qxb4 39. Qe8+ Bf8
40. Qxc8 1-0

[Event "Banff op U2000"]
[Site "Banff CAN"]
[Date "2023.11.11"]
[Round "3.28"]
[White "Moore, Kevin"]
[Black "Flavin, Finnegan"]
[Result "1/2-1/2"]
[WhiteElo "1673"]
[BlackElo "1550"]
[PlyCount "90"]
[EventDate "2023.11.10"]
[EventType "swiss"]
[EventRounds "6"]
[EventCountry "CAN"]

1. e4 e5 2. Nf3 Nf6 3. Nxe5 d6 4. Nf3 Nxe4 5. Qe2 Qe7 6. d3 Nf6 7. Bg5 Qxe2+ 8.
Bxe2 Be7 9. Nc3 c6 10. O-O O-O 11. Rfe1 Bd7 12. Bf1 Re8 13. Re3 Na6 14. Rae1
Kf8 15. a3 Nc7 16. h3 Ne6 17. Bh4 h6 18. Ne4 Nxe4 19. Bxe7+ Rxe7 20. Rxe4 Rae8
21. Nh4 g6 22. c3 a6 23. d4 Nf4 24. Rxe7 Rxe7 25. Rxe7 Kxe7 26. Kh2 Be6 27. g3
Nd5 28. Nf3 Nb6 29. b4 Bc4 30. Kg2 Bd5 31. Be2 Na4 32. c4 Be4 33. Kf1 Nc3 34.
Nd2 Bc2 35. Ke1 Nb1 36. Nxb1 Bxb1 37. g4 Ba2 38. Kd2 b5 39. Kc3 d5 40. cxb5
cxb5 41. Kd2 Ke6 42. f4 Kd6 43. h4 Bb1 44. Bd3 Bxd3 45. Kxd3 f5 1/2-1/2

[Event "Banff op U2000"]
[Site "Banff CAN"]
[Date "2023.11.11"]
[Round "3.29"]
[White "Sharpe, Michael"]
[Black "Burrows, Quinton"]
[Result "0-1"]
[WhiteElo "1488"]
[BlackElo "1603"]
[PlyCount "54"]
[EventDate "2023.11.10"]
[EventType "swiss"]
[EventRounds "6"]
[EventCountry "CAN"]

1. c4 Nc6 2. Nc3 Nf6 3. d4 e6 4. g3 Bb4 5. Bg2 d5 6. a3 Bxc3+ 7. bxc3 O-O 8.
Nf3 Na5 9. c5 Ne4 10. Qc2 b6 11. cxb6 cxb6 12. O-O Qc7 13. Ng5 f5 14. Bf4 Qc4
15. Nxe4 fxe4 16. Rab1 Ba6 17. Rfe1 Qc6 18. Bf1 Nc4 19. Ra1 h6 20. Bd2 e5 21.
e3 Qf6 22. Bc1 Rf7 23. Ra2 Raf8 24. a4 Qc6 25. Ba3 Rxf2 26. Qb3 Rxf1+ 27. Rxf1
Rxf1+ 0-1

[Event "Banff op U2000"]
[Site "Banff CAN"]
[Date "2023.11.11"]
[Round "3.31"]
[White "Dunn, Garth"]
[Black "Lee, Jeff"]
[Result "1-0"]
[WhiteElo "1571"]
[BlackElo "1042"]
[PlyCount "65"]
[EventDate "2023.11.10"]
[EventType "swiss"]
[EventRounds "6"]
[EventCountry "CAN"]

1. e4 Nc6 2. Nf3 e5 3. Bc4 h6 4. c3 Nf6 5. Qe2 Bc5 6. b4 Bb6 7. a4 a6 8. Ba3 d6
9. O-O Bg4 10. h3 Bxf3 11. Qxf3 O-O 12. d3 Ne7 13. Nd2 Qd7 14. Bb3 Ng6 15. Qg3
c5 16. Qxg6 Kh8 17. Qg3 c4 18. Nxc4 Qc7 19. Nxb6 Qxb6 20. a5 Qc7 21. Rac1 Nh5
22. Qe3 Nf4 23. Kh2 Qe7 24. g3 Qg5 25. gxf4 exf4 26. Qf3 Rae8 27. Bd5 f5 28.
Bxb7 fxe4 29. Bxe4 d5 30. Bxd5 Re3 31. fxe3 Rd8 32. exf4 Qf5 33. Be4 1-0

[Event "Banff op U2000"]
[Site "Banff CAN"]
[Date "2023.11.11"]
[Round "3.32"]
[White "Wang, Lucas"]
[Black "Yu, Zongyan"]
[Result "0-1"]
[WhiteElo "1509"]
[BlackElo "1672"]
[PlyCount "66"]
[EventDate "2023.11.10"]
[EventType "swiss"]
[EventRounds "6"]
[EventCountry "CAN"]

1. d4 c6 2. Nf3 d5 3. e3 Nf6 4. Nbd2 Bf5 5. Be2 e6 6. O-O Bd6 7. b3 Nbd7 8. Bb2
Rc8 9. c4 Bb8 10. Rc1 Ne4 11. Re1 Ndf6 12. c5 Nxf2 13. Kxf2 Ng4+ 14. Kg1 Nxe3
15. b4 Nxd1 16. Rexd1 O-O 17. Rf1 Bg4 18. Bc3 f6 19. Rc2 e5 20. Re1 e4 21. Nh4
f5 22. g3 Bxe2 23. Rxe2 f4 24. gxf4 Qxh4 25. Nf1 Rxf4 26. Be1 Rg4+ 27. Kh1 Rf8
28. Ne3 Qh3 29. Rf2 Rxf2 30. Rxf2 Qxe3 31. Rf1 Qe2 32. Rf2 Qxe1+ 33. Rf1 Qxf1#
0-1

[Event "Banff op U2000"]
[Site "Banff CAN"]
[Date "2023.11.11"]
[Round "3.33"]
[White "Wang, April"]
[Black "Hogg, Daniel"]
[Result "0-1"]
[WhiteElo "1435"]
[BlackElo "1573"]
[PlyCount "130"]
[EventDate "2023.11.10"]
[EventType "swiss"]
[EventRounds "6"]
[EventCountry "CAN"]

1. d4 Nf6 2. Nf3 d5 3. e3 Bg4 4. b3 e6 5. Bb2 Be7 6. Bd3 Nbd7 7. Nbd2 c6 8. O-O
Qc7 9. c4 h5 10. e4 dxe4 11. Nxe4 Nxe4 12. Bxe4 Nf6 13. Bc2 Bd6 14. h3 Bf4 15.
Bc1 Bxc1 16. Rxc1 Qf4 17. Qd2 Qxd2 18. Nxd2 Bf5 19. Bxf5 exf5 20. Nf3 O-O 21.
Rfd1 Ne4 22. d5 cxd5 23. cxd5 Rac8 24. Rxc8 Rxc8 25. Ne5 Rd8 26. a4 Nc3 27. Rd3
Ne2+ 28. Kf1 Nf4 29. Rd4 Rxd5 30. Rxf4 Rxe5 31. Rc4 Re7 32. Rc8+ Kh7 33. Rc5 g6
34. h4 Kg7 35. g3 Kf6 36. Kg2 a6 37. Kf3 Re4 38. Rc4 Rxc4 39. bxc4 Ke5 40. Ke3
Kd6 41. Kd3 Kc5 42. Kc3 a5 43. Kb3 Kd4 44. f4 b6 45. c5 bxc5 46. Kb2 Kc4 47.
Ka3 f6 48. Ka2 Kb4 49. Kb2 Kxa4 50. Ka2 Kb4 51. Kb2 Kc4 52. Kc2 a4 53. Kb2 Kd3
54. Kb1 Ke3 55. Kc2 a3 56. Kc1 c4 57. Kc2 a2 58. Kb2 Kd2 59. Kxa2 c3 60. Kb1
c2+ 61. Ka2 c1=Q 62. g4 Qc4+ 63. Kb2 Qb4+ 64. Ka2 Kc2 65. gxh5 Qb2# 0-1

[Event "Banff op U2000"]
[Site "Banff CAN"]
[Date "2023.11.11"]
[Round "4.21"]
[White "Gonzales, Joel"]
[Black "Zeggelaar, Mike"]
[Result "1/2-1/2"]
[WhiteElo "1905"]
[BlackElo "1846"]
[PlyCount "56"]
[EventDate "2023.11.10"]
[EventType "swiss"]
[EventRounds "6"]
[EventCountry "CAN"]

1. d4 Nf6 2. Nf3 e6 3. g3 b6 4. Bg2 Bb7 5. O-O Be7 6. Re1 d5 7. c4 O-O 8. cxd5
exd5 9. Nc3 Nbd7 10. Bg5 Ne4 11. Bxe7 Qxe7 12. a3 Rae8 13. e3 Nxc3 14. bxc3 Qd6
15. Nd2 Nf6 16. Qc2 c5 17. Rec1 Re7 18. a4 cxd4 19. cxd4 Rc8 20. Qb2 Rec7 21.
Bh3 Rxc1+ 22. Rxc1 Rxc1+ 23. Qxc1 Qc6 24. Qa3 g6 25. Bf1 Qc2 26. Qe7 Kg7 27.
Qxb7 Qxd2 28. Qc7 Ne4 1/2-1/2

[Event "Banff op U2000"]
[Site "Banff CAN"]
[Date "2023.11.11"]
[Round "4.22"]
[White "Iomdina, Bella"]
[Black "Tran, Tri"]
[Result "1/2-1/2"]
[WhiteElo "1814"]
[BlackElo "1594"]
[PlyCount "55"]
[EventDate "2023.11.10"]
[EventType "swiss"]
[EventRounds "6"]
[EventCountry "CAN"]

1. d4 d5 2. c4 e6 3. Nc3 Nf6 4. Bg5 c6 5. e3 Nbd7 6. Bd3 Be7 7. Nge2 O-O 8. Qc2
h6 9. Bh4 dxc4 10. Bxc4 b5 11. Bd3 Bb7 12. O-O a6 13. Rfd1 Qb6 14. Rac1 Rfe8
15. Bxf6 Nxf6 16. Ne4 Nxe4 17. Bxe4 Rac8 18. Ng3 c5 19. Bxb7 Qxb7 20. dxc5 Rxc5
21. Qe2 Rec8 22. Rxc5 Rxc5 23. Qd3 Rd5 24. Qc2 Rxd1+ 25. Qxd1 Bf6 26. Qc2 Qd5
27. b3 a5 28. Nf1 1/2-1/2

[Event "Banff op U2000"]
[Site "Banff CAN"]
[Date "2023.11.11"]
[Round "4.23"]
[White "Burrows, Quinton"]
[Black "Nagarajan, Prabhat"]
[Result "0-1"]
[WhiteElo "1603"]
[BlackElo "1765"]
[PlyCount "136"]
[EventDate "2023.11.10"]
[EventType "swiss"]
[EventRounds "6"]
[EventCountry "CAN"]

1. d4 e6 2. Nf3 f5 3. Bf4 d5 4. e3 Nf6 5. Ne5 Be7 6. Bd3 O-O 7. Rg1 Nbd7 8. h3
Nxe5 9. Bxe5 Ne4 10. f3 Ng5 11. f4 Ne4 12. Qf3 c5 13. Nd2 c4 14. Be2 c3 15.
Nxe4 dxe4 16. Qh5 cxb2 17. Rb1 Bd7 18. Bc4 Qa5+ 19. Kf2 Qd2+ 20. Qe2 Qxe2+ 21.
Kxe2 Rac8 22. Bb3 a5 23. d5 a4 24. dxe6 Bb5+ 25. c4 axb3 26. axb3 Ba6 27. Rxb2
Bf6 28. Bd4 Rc6 29. g4 Rxe6 30. g5 Bxd4 31. exd4 Rd8 32. Ke3 Rb6 33. Rc1 Rb4
34. d5 b5 35. Ra1 bxc4 36. Rxa6 Rxd5 37. Ra4 Rxb3+ 38. Rxb3 cxb3 39. Rb4 Rd3+
40. Ke2 Rxh3 41. Rb5 b2 42. Kd2 b1=Q 43. Rxb1 Rf3 44. Rb8+ Kf7 45. Rb7+ Kg6 46.
Rb6+ Kh5 47. Rb7 Rxf4 48. Rxg7 h6 49. gxh6 Kxh6 50. Rg8 Rf3 51. Ke2 Kh5 52. Rg2
Kh4 53. Rg8 Rg3 54. Rf8 Kg4 55. Rg8+ Kf4 56. Rf8 Ra3 57. Rf7 Ra2+ 58. Kf1 e3
59. Ke1 Ke4 60. Re7+ Kf3 61. Kd1 e2+ 62. Ke1 Ra1+ 63. Kd2 Rd1+ 64. Kc2 e1=Q 65.
Rh7 Qd2+ 66. Kb3 Rb1+ 67. Kc4 Rc1+ 68. Kb3 Qc2+ 0-1

[Event "Banff op U2000"]
[Site "Banff CAN"]
[Date "2023.11.11"]
[Round "4.24"]
[White "Szulski, Adam"]
[Black "Gashgarian, Rob"]
[Result "0-1"]
[WhiteElo "1513"]
[BlackElo "1720"]
[PlyCount "140"]
[EventDate "2023.11.10"]
[EventType "swiss"]
[EventRounds "6"]
[EventCountry "CAN"]

1. e4 c5 2. Nf3 e6 3. d4 cxd4 4. Nxd4 a6 5. Bc4 Qc7 6. Bb3 Nf6 7. Nc3 Nc6 8. a3
b5 9. Bg5 Be7 10. O-O Bb7 11. Nf3 O-O 12. Re1 d6 13. Qd2 Rac8 14. Rad1 Rfd8 15.
h3 Ne5 16. Nd4 Nc4 17. Bxc4 Qxc4 18. Qd3 h6 19. Qxc4 Rxc4 20. Bh4 Rdc8 21. f3
Kf8 22. Bf2 Ke8 23. e5 dxe5 24. Rxe5 Nd5 25. Nxd5 Bxd5 26. c3 Bb7 27. Nc2 Bf6
28. Re2 Rd8 29. Rxd8+ Bxd8 30. Ne3 Rc6 31. Nf5 Kf8 32. Nd4 Rd6 33. Nc2 Rd1+ 34.
Kh2 Bc7+ 35. Bg3 Bb6 36. Bf2 Bxf2 37. Rxf2 e5 38. Ne3 Rd3 39. Re2 f6 40. c4 Rd4
41. cxb5 axb5 42. Kg3 Kf7 43. Nf5 Rd3 44. Rc2 Rd7 45. Rc5 Ke6 46. Ne3 Ba6 47.
Nc2 Kd6 48. Rc3 Rc7 49. Rd3+ Ke6 50. Nb4 Bb7 51. Re3 Rc4 52. Kf2 Rd4 53. Re2
Bd5 54. Nxd5 Kxd5 55. Ke3 f5 56. g3 g5 57. Rc2 e4 58. f4 Rd3+ 59. Kf2 gxf4 60.
gxf4 Rxh3 61. Kg1 Rf3 62. Rh2 Rb3 63. Rxh6 e3 64. Rh2 Ke4 65. Kf1 Rd3 66. Ke1
Kxf4 67. Rh1 Rd2 68. Rf1+ Ke4 69. b3 f4 70. Rh1 Rb2 0-1

[Event "Banff op U2000"]
[Site "Banff CAN"]
[Date "2023.11.11"]
[Round "4.25"]
[White "McKim, Chris"]
[Black "McCallum, Elliot"]
[Result "0-1"]
[WhiteElo "1677"]
[BlackElo "1150"]
[PlyCount "166"]
[EventDate "2023.11.10"]
[EventType "swiss"]
[EventRounds "6"]
[EventCountry "CAN"]

1. d4 d5 2. Bf4 c5 3. e3 Nc6 4. Nf3 Bf5 5. Bd3 Bxd3 6. Qxd3 Nf6 7. O-O e6 8.
Nbd2 Be7 9. c3 O-O 10. Rfe1 Rc8 11. Rad1 Nh5 12. Be5 Nxe5 13. Nxe5 Nf6 14. f4
Qb6 15. Qb1 Rfd8 16. Rf1 g6 17. Rf3 Ne8 18. Rdf1 cxd4 19. exd4 Nd6 20. Rh3 Bf8
21. g4 Qc7 22. g5 Nf5 23. Ndf3 b5 24. Ng4 Bg7 25. Nfe5 b4 26. Nf6+ Bxf6 27.
gxf6 bxc3 28. bxc3 Qa5 29. Rhf3 Rd6 30. Qb7 Rf8 31. Nc6 Qb6 32. Qxb6 axb6 33.
Nb4 h5 34. R1f2 Nh6 35. Rb2 Ng4 36. Nd3 Nxf6 37. Ne5 Ne4 38. Rb3 Kg7 39. Ra3
Rdd8 40. Ra7 Ra8 41. Rb7 Rxa2 42. Re3 Rc2 43. Re1 Nxc3 44. Nd7 Ra8 45. Ne5 Raa2
46. Nxf7 Rg2+ 47. Kh1 Rxh2+ 48. Kg1 Rag2+ 49. Kf1 Rf2+ 50. Kg1 Ne2+ 51. Rxe2
Rxe2 52. Ng5+ Kf8 53. Rb8+ Ke7 54. Rb7+ Kd8 55. Nxe6+ Kc8 56. Rxb6 Rhg2+ 57.
Kf1 Rb2 58. Rc6+ Kd7 59. Ra6 Rbf2+ 60. Ke1 Re2+ 61. Kf1 Rxe6 62. Ra7+ Kc6 63.
Kxg2 Kb5 64. Kf3 Ra6 65. Rc7 Ra3+ 66. Ke2 Ra2+ 67. Ke3 Kb6 68. Rc3 h4 69. Kf3
h3 70. Kg3 h2 71. Rc1 Kb5 72. Kf3 Kb4 73. Kg3 Kb3 74. Kh3 Rc2 75. Rd1 Kc3 76.
Kg3 Rd2 77. Rc1+ Kxd4 78. Ra1 Ke3 79. Ra3+ Ke4 80. Ra1 d4 81. Re1+ Kd5 82. Kf3
d3 83. Ke3 Re2+ 0-1

[Event "Banff op U2000"]
[Site "Banff CAN"]
[Date "2023.11.11"]
[Round "4.26"]
[White "Dunne, Eoin"]
[Black "Pan, Jason"]
[Result "0-1"]
[WhiteElo "1616"]
[BlackElo "1641"]
[PlyCount "104"]
[EventDate "2023.11.10"]
[EventType "swiss"]
[EventRounds "6"]
[EventCountry "CAN"]

1. e4 c5 2. Nf3 a6 3. d4 cxd4 4. Nxd4 Nf6 5. f3 e5 6. Nb3 d5 7. Bg5 d4 8. c3
Nc6 9. Be2 Be7 10. Bxf6 Bxf6 11. O-O Qb6 12. Kh1 Be6 13. c4 O-O 14. a3 Rfd8 15.
Bd3 Bg5 16. N1d2 Bxd2 17. Nxd2 Qxb2 18. Qe2 Qb6 19. Rfb1 Qc7 20. Nb3 Nb8 21. a4
Nd7 22. a5 Rab8 23. Qb2 Nc5 24. Nxc5 Qxc5 25. Qb6 Rdc8 26. Rb4 Qxb6 27. axb6
Rc5 28. Kg1 Kf8 29. Kf2 Ke7 30. Ke2 Rbc8 31. Raa4 Bd7 32. Ra1 Kd6 33. g3 Be6
34. Raa4 a5 35. Rb5 Rxb5 36. cxb5 Ra8 37. f4 f6 38. Kd2 Kc5 39. f5 Bd7 40. Rc4+
Kxb6 41. Rc2 a4 42. Kc1 Ra5 43. Kb2 Bxb5 44. Bxb5 Rxb5+ 45. Ka3 Rc5 46. Rb2+
Kc6 47. Kxa4 b5+ 48. Ka5 b4+ 49. Ka4 Rc4 50. g4 Kc5 51. h4 Rc3 52. Rxb4 Rc4 0-1

[Event "Banff op U2000"]
[Site "Banff CAN"]
[Date "2023.11.11"]
[Round "4.27"]
[White "Daniluk, Jim"]
[Black "Moore, Kevin"]
[Result "1-0"]
[WhiteElo "1775"]
[BlackElo "1673"]
[PlyCount "83"]
[EventDate "2023.11.10"]
[EventType "swiss"]
[EventRounds "6"]
[EventCountry "CAN"]

1. e4 e6 2. d4 d5 3. Bd3 c5 4. c3 dxe4 5. Bxe4 cxd4 6. cxd4 Nf6 7. Bf3 Nbd7 8.
Ne2 Bd6 9. Nbc3 O-O 10. O-O a6 11. a4 Rb8 12. Qd3 b6 13. Rd1 Qc7 14. g3 Bb7 15.
Bd2 Rbd8 16. Rac1 Qb8 17. Ne4 Nxe4 18. Bxe4 Nf6 19. Bxb7 Qxb7 20. Bg5 Be7 21.
Qb3 Rd6 22. Bf4 Rd7 23. Qc2 Nd5 24. Qc6 Rfd8 25. Bd2 Qa7 26. Qc4 Bf6 27. Bc3
Ne7 28. Qb3 Qb7 29. Nf4 Nf5 30. Nxe6 Re8 31. Nf4 Bxd4 32. Qc2 Bxc3 33. Qxf5
Rxd1+ 34. Rxd1 Qf3 35. Qd7 Rf8 36. bxc3 Qxc3 37. Nd5 Qb3 38. Ne7+ Kh8 39. Qd8
Qxd1+ 40. Qxd1 h6 41. Qd6 Re8 42. Qxb6 1-0

[Event "Banff op U2000"]
[Site "Banff CAN"]
[Date "2023.11.11"]
[Round "4.28"]
[White "Cooper, James Ross"]
[Black "Dunn, Garth"]
[Result "1-0"]
[WhiteElo "1901"]
[BlackElo "1571"]
[PlyCount "83"]
[EventDate "2023.11.10"]
[EventType "swiss"]
[EventRounds "6"]
[EventCountry "CAN"]

1. e4 d6 2. d4 g6 3. Nf3 Nf6 4. Bd3 Bg7 5. O-O Bg4 6. Be3 Nbd7 7. h3 Bxf3 8.
Qxf3 e5 9. d5 O-O 10. Nd2 c6 11. dxc6 bxc6 12. c4 a5 13. Rfd1 Qc7 14. Rac1 Nc5
15. Nb1 Ne6 16. Nc3 Nd4 17. Qg3 Nh5 18. Qh2 f5 19. exf5 gxf5 20. Bxd4 exd4 21.
Ne2 f4 22. Be4 Qb6 23. Bf3 Be5 24. Bxh5 f3 25. Ng3 fxg2 26. Qxg2 Kh8 27. b3 c5
28. Rd3 Ra7 29. Rf3 Bf4 30. Re1 Qd8 31. Rxf4 Re7 32. Rxe7 Qxe7 33. Rxf8+ Qxf8
34. Qe4 d3 35. Qe8 Qxe8 36. Bxe8 Kg7 37. Bh5 Kf6 38. Kf1 Ke5 39. Ke1 d5 40.
cxd5 Kxd5 41. Kd2 c4 42. Bf7+ 1-0

[Event "Banff op U2000"]
[Site "Banff CAN"]
[Date "2023.11.11"]
[Round "4.29"]
[White "Sharpe, Michael"]
[Black "Bin Shoeb, Mashad"]
[Result "1/2-1/2"]
[WhiteElo "1488"]
[BlackElo "1781"]
[PlyCount "135"]
[EventDate "2023.11.10"]
[EventType "swiss"]
[EventRounds "6"]
[EventCountry "CAN"]

1. c4 c6 2. e4 d5 3. cxd5 cxd5 4. d4 Nf6 5. Nc3 Nc6 6. exd5 Nxd5 7. Bc4 Nb6 8.
Bb5 Bd7 9. Nf3 e6 10. Bf4 Be7 11. O-O O-O 12. Re1 Nb4 13. Bxd7 Qxd7 14. Ne5 Qd8
15. a3 N4d5 16. Nxd5 Qxd5 17. Be3 Rac8 18. Qf3 Qxf3 19. gxf3 Nc4 20. Nxc4 Rxc4
21. Rec1 Rfc8 22. Rxc4 Rxc4 23. Rc1 Rxc1+ 24. Bxc1 Kf8 25. Kf1 Ke8 26. Ke2 Kd7
27. Kd3 Kc6 28. a4 Kd5 29. b3 Bd6 30. h3 h6 31. f4 Bc7 32. Bd2 a6 33. b4 b5 34.
a5 h5 35. f3 Bd8 36. Be3 Be7 37. Kc3 Bd6 38. Bd2 f6 39. Be3 g6 40. Bd2 Bb8 41.
Kd3 Ba7 42. Bc3 Bb8 43. Bd2 e5 44. fxe5 fxe5 45. dxe5 Bxe5 46. Be3 Bd6 47. Bd2
Ke5 48. Ke3 Kd5 49. Kd3 Be7 50. Kc3 Ke5 51. Kd3 Bh4 52. Be3 Bg3 53. Bd2 Bh2 54.
Be3 Bf4 55. Bf2 g5 56. Bd4+ Kd5 57. Bf2 Ke5 58. Bd4+ Kf5 59. Bf2 h4 60. Bg1 Bd6
61. Kc3 Be5+ 62. Kd3 Bf4 63. Bd4 Bc7 64. Ke3 Bf4+ 65. Kd3 Bg3 66. Ke2 Bf4 67.
Kf2 Bd6 68. Bc3 1/2-1/2

[Event "Banff op U2000"]
[Site "Banff CAN"]
[Date "2023.11.11"]
[Round "4.30"]
[White "Yu, Zongyan"]
[Black "Mikusek, Jerry"]
[Result "1-0"]
[WhiteElo "1672"]
[BlackElo "1537"]
[PlyCount "41"]
[EventDate "2023.11.10"]
[EventType "swiss"]
[EventRounds "6"]
[EventCountry "CAN"]

1. e4 c6 2. d4 d5 3. Nc3 dxe4 4. Nxe4 Bf5 5. Ng3 Bg6 6. Nf3 h6 7. Ne5 Bh7 8.
Bc4 e6 9. c3 Nf6 10. Qb3 Qe7 11. O-O Ne4 12. Be3 Nd6 13. Bd3 Bxd3 14. Nxd3 Nd7
15. Nc5 Nb6 16. Bf4 Nbc8 17. Rfe1 Kd8 18. Nge4 b6 19. Nxd6 Nxd6 20. Bxd6 Qxd6
21. Nb7+ 1-0

[Event "Banff op U2000"]
[Site "Banff CAN"]
[Date "2023.11.11"]
[Round "4.32"]
[White "Henderson, Neve"]
[Black "Lee, Jeff"]
[Result "1-0"]
[WhiteElo "1399"]
[BlackElo "1042"]
[PlyCount "55"]
[EventDate "2023.11.10"]
[EventType "swiss"]
[EventRounds "6"]
[EventCountry "CAN"]

1. e4 Nc6 2. d4 d6 3. Nf3 Bg4 4. c3 Nf6 5. Bd3 e5 6. d5 Ne7 7. h3 Bh5 8. Bg5
Ng6 9. g4 h6 10. gxh5 Ne7 11. Bxf6 gxf6 12. Bb5+ c6 13. dxc6 bxc6 14. Ba4 Rg8
15. Nh4 Qc8 16. Qxd6 Qa6 17. b3 Rd8 18. Qxf6 Rd1+ 19. Kxd1 Qd3+ 20. Nd2 Rg2 21.
Nxg2 Qxc3 22. Rc1 Qb2 23. Bxc6+ Nxc6 24. Rxc6 Qa1+ 25. Rc1 Qb2 26. Rc8+ Kd7 27.
Qc6+ Ke7 28. Re8# 1-0

[Event "Banff op U2000"]
[Site "Banff CAN"]
[Date "2023.11.11"]
[Round "4.33"]
[White "Wang, April"]
[Black "Wang, Lucas"]
[Result "1/2-1/2"]
[WhiteElo "1435"]
[BlackElo "1509"]
[PlyCount "21"]
[EventDate "2023.11.10"]
[EventType "swiss"]
[EventRounds "6"]
[EventCountry "CAN"]

1. d4 d5 2. Nf3 Nf6 3. Bf4 Bf5 4. e3 e6 5. h3 Be7 6. Bd3 Bg6 7. c4 c6 8. Nc3
Nbd7 9. O-O O-O 10. Bxg6 hxg6 11. cxd5 1/2-1/2

[Event "Banff op U2000"]
[Site "Banff CAN"]
[Date "2023.11.12"]
[Round "5.21"]
[White "Zeggelaar, Mike"]
[Black "Iomdina, Bella"]
[Result "1-0"]
[WhiteElo "1846"]
[BlackElo "1814"]
[PlyCount "129"]
[EventDate "2023.11.10"]
[EventType "swiss"]
[EventRounds "6"]
[EventCountry "CAN"]

1. e4 e6 2. d4 d5 3. exd5 exd5 4. Bd3 Nf6 5. h3 Nc6 6. c3 Bd6 7. Nf3 Be6 8. O-O
Qd7 9. Ng5 Bf5 10. Re1+ Ne7 11. Bxf5 Qxf5 12. Qf3 O-O 13. Qxf5 Nxf5 14. Nd2
Rfe8 15. Ngf3 Rxe1+ 16. Nxe1 Re8 17. Ndf3 c5 18. dxc5 Bxc5 19. Nd3 Bd6 20. g4
Ne7 21. Bf4 Bxf4 22. Nxf4 h6 23. Rd1 g5 24. Nd3 Nc6 25. Kf1 Rd8 26. Nde5 Kf8
27. Nxc6 bxc6 28. Rd4 Rb8 29. b3 Rb6 30. Ra4 a6 31. c4 Nd7 32. cxd5 cxd5 33.
Ra5 Nf6 34. Nd4 Kg7 35. Nf5+ Kh7 36. f3 Rc6 37. Nd4 Rb6 38. Ke2 h5 39. Kd3 hxg4
40. hxg4 Kg7 41. Rc5 Kf8 42. Rc6 Rxc6 43. Nxc6 Ke8 44. Kd4 Kd7 45. Nb8+ Kd6 46.
Nxa6 Ne8 47. a4 f6 48. b4 Nc7 49. Nc5 f5 50. a5 fxg4 51. fxg4 Ne8 52. b5 Nc7
53. Nb7+ Kd7 54. b6 Ne8 55. Kxd5 Nf6+ 56. Kc5 Nxg4 57. a6 Kc8 58. Nd6+ Kb8 59.
Nb5 Ne5 60. a7+ Kb7 61. Nd6+ Ka8 62. Kb5 Nd7 63. Kc6 Nxb6 64. Kxb6 g4 65. Nb5
1-0

[Event "Banff op U2000"]
[Site "Banff CAN"]
[Date "2023.11.12"]
[Round "5.22"]
[White "Nagarajan, Prabhat"]
[Black "Gonzales, Joel"]
[Result "0-1"]
[WhiteElo "1765"]
[BlackElo "1905"]
[PlyCount "81"]
[EventDate "2023.11.10"]
[EventType "swiss"]
[EventRounds "6"]
[EventCountry "CAN"]

1. d4 e6 2. Nf3 c5 3. e4 d5 4. exd5 exd5 5. Be2 Be7 6. O-O Nf6 7. Re1 O-O 8.
dxc5 Bxc5 9. a3 Qb6 10. Rf1 Ne4 11. Qe1 Nxf2 12. Rxf2 Nc6 13. b4 Bxf2+ 14. Qxf2
Qxf2+ 15. Kxf2 Bf5 16. b5 Ne7 17. Nd4 Be4 18. Nd2 Bg6 19. c4 dxc4 20. Nxc4 Rfd8
21. Bb2 Rac8 22. Ne5 Be4 23. Bc4 Bd5 24. Rc1 f6 25. Bxd5+ Rxd5 26. Nf5 Rxc1 27.
Nxe7+ Kf8 28. Bxc1 Kxe7 29. Nc4 Rc5 30. Be3 Rxc4 31. Bxa7 Ke6 32. Bb6 Kd5 33.
Ba5 Kc5 34. Bd8 Kxb5 35. Be7 Ka4 36. Bf8 g6 37. g3 Rc2+ 38. Kg1 h5 39. Be7 f5
40. Bh4 b5 41. Be7 0-1

[Event "Banff op U2000"]
[Site "Banff CAN"]
[Date "2023.11.12"]
[Round "5.23"]
[White "Gashgarian, Rob"]
[Black "Tran, Tri"]
[Result "1-0"]
[WhiteElo "1720"]
[BlackElo "1594"]
[PlyCount "75"]
[EventDate "2023.11.10"]
[EventType "swiss"]
[EventRounds "6"]
[EventCountry "CAN"]

1. d4 d5 2. c4 e6 3. Nc3 Nf6 4. Bg5 c6 5. e3 Nbd7 6. Nf3 Be7 7. Rc1 O-O 8. Qc2
Re8 9. Bd3 h6 10. Bh4 dxc4 11. Bxc4 Nd5 12. Bg3 Nxc3 13. bxc3 Bf6 14. Rd1 Qa5
15. O-O b6 16. Rfe1 Ba6 17. Bxa6 Qxa6 18. e4 e5 19. Qb3 c5 20. dxe5 Nxe5 21.
Nxe5 Bxe5 22. f4 Bf6 23. e5 c4 24. Qc2 Be7 25. Rd7 Bc5+ 26. Kf1 b5 27. f5 Qc6
28. Red1 Re7 29. R7d5 Rc8 30. Qe4 Qe8 31. Bh4 f6 32. e6 a6 33. g4 Kh8 34. Bg3
g5 35. Rxc5 Rxc5 36. Qd4 Rc8 37. Qxf6+ Kg8 38. Be5 1-0